Global companies and public policy : the growing challenge of foreign direct investment.

Bibliographic Details
Main Author: Julius
Format: Book
Published: London: Pinter, 1990.
Subjects:
LEADER 00507cam a2200169 7i4500
001 0000005342
005 19991025090000.0
002 ##000006971
020 0 0 |a 0-86187-115-4  
090 0 0 |a B 332.6   |b JUL 
100 1 0 |a Julius  
245 1 0 |a Global companies and public policy :   |b the growing challenge of foreign direct investment. 
260 0 0 |a London:   |b Pinter,   |c 1990. 
300 0 0 |a 126 p.. 
650 0 0 |a Investments  
650 0 0 |a Foreign direct investments  
999 |a 0000007337  |b Book  |c Open shelf  |e Business Information Centre